|
|
|
|
| LEADER |
02310nam a2200505 i 4500 |
| 001 |
EBC3379396 |
| 003 |
MiAaPQ |
| 005 |
20200520144314.0 |
| 006 |
m o d | |
| 007 |
cr cnu|||||||| |
| 008 |
141111t20142014dcuad o 100 0 eng|d |
| 020 |
|
|
|z 9780309314275
|
| 020 |
|
|
|a 9780309314282 (e-book)
|
| 035 |
|
|
|a (MiAaPQ)EBC3379396
|
| 035 |
|
|
|a (Au-PeEL)EBL3379396
|
| 035 |
|
|
|a (CaPaEBR)ebr10964428
|
| 035 |
|
|
|a (OCoLC)896700414
|
| 040 |
|
|
|a MiAaPQ
|b eng
|e rda
|e pn
|c MiAaPQ
|d MiAaPQ
|
| 050 |
|
4 |
|a LC1045
|b .M53 2014
|
| 111 |
2 |
|
|a Middle-Skilled Workforce Needs
|d (2014),
|j issuing body.
|
| 245 |
1 |
0 |
|a Opportunities for the Gulf Research Program :
|b Middle-Skilled Workforce Needs : summary of a workshop /
|c Gulf Research Program ; Elizabeth O'Hare and Steve Olson, rapporteurs.
|
| 264 |
|
1 |
|a Washington, District of Columbia :
|b The National Academies Press,
|c [2014]
|
| 264 |
|
4 |
|c 2014
|
| 300 |
|
|
|a 1 online resource (46 pages) :
|b illustrations (some color)
|
| 336 |
|
|
|a text
|2 rdacontent
|
| 337 |
|
|
|a computer
|2 rdamedia
|
| 338 |
|
|
|a online resource
|2 rdacarrier
|
| 588 |
|
|
|a Description based on online resource; title from PDF title page (ebrary, viewed November 10, 2014).
|
| 590 |
|
|
|a Electronic reproduction. Ann Arbor, MI : ProQuest, 2015. Available via World Wide Web. Access may be limited to ProQuest affiliated libraries.
|
| 650 |
|
0 |
|a Vocational education
|z United States
|v Congresses.
|
| 650 |
|
0 |
|a Occupational training
|z United States
|v Congresses.
|
| 650 |
|
0 |
|a Technical education
|z United States
|v Congresses.
|
| 650 |
|
0 |
|a Labor market
|z United States
|v Congresses.
|
| 650 |
|
0 |
|a Education
|x Economic aspects
|z United States
|v Congresses.
|
| 650 |
|
0 |
|a Education, Cooperative
|z United States
|v Congresses.
|
| 655 |
|
4 |
|a Electronic books.
|
| 700 |
1 |
|
|a O'Hare, Elizabeth,
|e contributor.
|
| 700 |
1 |
|
|a Olsen, Steven,
|e contributor.
|
| 710 |
2 |
|
|a Gulf Research Program,
|e issuing body.
|
| 710 |
2 |
|
|a Institute of Medicine (U.S.),
|e issuing body.
|
| 710 |
2 |
|
|a National Academy of Sciences (U.S.),
|e issuing body.
|
| 710 |
2 |
|
|a National Academy of Engineering,
|e issuing body.
|
| 710 |
2 |
|
|a National Research Coucil (U.S.),
|e issuing body.
|
| 797 |
2 |
|
|a ProQuest (Firm)
|
| 856 |
4 |
0 |
|u https://ebookcentral.proquest.com/lib/matrademy/detail.action?docID=3379396
|z Click to View
|